1518 1149 1720 1149 1791 1389 1938 1285 1285 1535 1002 1692 1875 1557 1488 1920 1099 1814 1222 1716 1533 1358 1181 1739 1896 1263 1044 1743 1688 1388 1748 1181 1376 1668 1958 1611 1488 1961 1611 1135 1975 1406 1354 1937 1449 1217 1632 1044 1393 1606 1095 1842 1184 1252 1501 1303 1786 1494 1859 1182 1756 1505 1798 1395 1261 1541 1217 1940 1183 1197 1580 1161 1209 1506 1086 1376 1086 1230 1430 1074 1626 1047 1997 1244 1180 1865 1942 1125 1681 1219 1318 1610 1476 1289 1465 1597 1978 1935 1632 BCNSPRNW ULIB Ver.6.0+V

เปลี่ยนเป็นภาษาไทย

Change to English
 แสดงรายละเอียดบรรณานุกรม
  กลับหน้าหลัก

Brief Record : Get Marc (ISO 2709) : E-mail record : QR code < ปิดหน้าต่าง
LEADER : 00000nam 2200000uu 4500
001    13399109089
003     ULIB
008    110321s2544||||th 000 0 tha d
020    9742942617
060  4 WY18^bส293ว 2544
110 1  กระทรวงสาธารณสุข^bสมาคมศิษย์เก่าพยาบาล^bสมาคมศิษย์วิทยาลัยพยาบาลบรมราชชนนี กรุงเทพฯ
245 00 วิชาชีพพยาบาลกับการปฏิรูประบบสุขภาพ/^cสมาคมศิษย์วิทยาลัยพยาบาลบรมราชชนนี กรุงเทพฯ
260    กรุงเทพฯ:^bสมาคมศิษย์วิทยาลัยพยาบาลบรมราชชนนี กรุงเทพฯ,^c2544
300    68 หน้า
650  7 วิชาชีพพยาบาลกับการปฏิรูประบบสุขภาพ
945    ^p0^l0^i019478
995    ทศพร
999 ^a ใช้งานได้ทุกระบบ
รายการนี้ยังไม่มีแท็ก
คุณยังไม่ได้ล็อกอิน คุณสามารถมีกิจกรรมร่วมกับเว็บไซต์ได้ แต่ต้องล็อกอินก่อน ::
  ล็อกอิน

รายการสื่อสารสนเทศ

ลำดับที่ ประเภท เลขเรียก/บาร์โค้ด สถานที่ สถานะ
- ไม่พบข้อมูล -

BibComment


ยังไม่เคยถูกคอมเมนท์

คอมเมนท์ทรัพยากรรายการนี้
  คอมเมนท์: วิชาชีพพยาบาลกับก..


 Copyright 2026. Bcnsprnw @Library